[Event "GER-ch 76th"]
[Site "Altenkirchen"]
[Date "2005.02.25"]
[Round "8"]
[White "Graf, Alexander"]
[Black "Fish, Gennadij"]
[Result "1-0"]
[WhiteElo "2637"]
[BlackElo "2523"]
[Annotator "Ftacnik,L"]
[PlyCount "93"]
[EventDate "2005.02.18"]
[EventType "swiss"]
[EventRounds "9"]
[EventCountry "GER"]
[SourceTitle "CBM 106"]
[Source "ChessBase"]
[SourceDate "2005.06.06"]
[SourceVersion "1"]
[SourceVersionDate "2005.06.06"]
[SourceQuality "1"]

1. c4 e6 2. Nf3 d5 3. d4 c5 4. cxd5 exd5 5. g3 Nc6 6. Bg2 Nf6 7. O-O Be7 8. Nc3
O-O 9. Bg5 c4 10. Ne5 Be6 11. b3 h6 12. Bxf6 Bxf6 13. bxc4 dxc4 14. Nxc6 bxc6
15. e3 c5 16. Bxa8 $146 {[%mdl 4] Graf comes up with a new solution in the
well known position, where black bishops are exercising serious pressure
against white center.} (16. Ne4 Be7 (16... cxd4 17. Nxf6+ Qxf6 18. Bxa8 Rxa8
19. Qxd4 Qf3 20. Qf4 Qc6 21. Rfc1 Bd5 22. Rab1 c3 23. Rb8+ Rxb8 24. Qxb8+ Kh7
25. Qe5 {1-0 Greenfeld,A-Garneli,E/Corfu 1991 (29)}) 17. Nxc5 Bxc5 18. dxc5 Rc8
19. c6 (19. Qa4 Rxc5 20. Qxa7 Ra5 21. Qb7 Qd6 22. Rfc1 Rb8 23. Qe4 Rb2 24. Qd4
{1/2-1/2 Yurtaev,L-Egin,V/Seversk 1997/ (24)}) 19... Qa5 20. Qe1 (20. Qf3 Rfd8
21. Rfd1 c3 22. Rdc1 Rd2 23. Qe4 Qc5 24. Qf4 c2 {0-1 Naing Lin Aung-Egin,V/
Genting Highlands 1998/ (35)}) 20... Qh5 21. Qb4 Rfd8 22. Qa4 Qc5 23. Rac1 Rd2
24. Rc3 a5 25. Be4 Qb4 {1/2-1/2 Filippov,V-Egin,V/Seversk 1997/ (43)}) 16...
Qxa8 17. d5 $1 Bxc3 (17... Bh3 18. Rc1 Bxf1 (18... Rd8 19. Re1 Bxc3 20. Rxc3
Rxd5 21. Qf3 Qc6 22. e4 $16) 19. Kxf1 Rd8 20. e4 $14) 18. dxe6 (18. Rc1 Bb2 19.
dxe6 (19. Rc2 Bh3 20. Rxb2 Bxf1 21. Kxf1 Qe8 $11) 19... Bxc1 20. exf7+ Rxf7 21.
Qxc1 Qe4 22. Qb1) 18... Bxa1 19. exf7+ Rxf7 20. Qxa1 Qe4 (20... Qf3 21. Qb2 Qe4
22. Qb1 $14) 21. Qb1 $1 {The key move in ensuing endgame, white has to try
getting c4 pawn without losing f2 or a2 of his own.} Qd3 (21... Re7 22. Qxe4
Rxe4 23. Rc1 $16) 22. Rc1 Qe2 23. Rc2 (23. Qc2 Rxf2 24. Qxc4+ Qxc4 25. Rxc4
Rxa2 26. Rxc5 Kf7 $15) 23... Qd3 24. Rc1 Qe2 25. Rc2 Qd3 26. Qc1 Rb7 {Fish
could probably have hold the position with the more precise move 26...Rd7!?,
that puts emphasis on the counterplay.} (26... Rd7 $5 27. Rxc4 Qe2 28. Rd4 (28.
Kg2 Rd1 29. Qc3 Qf1+ 30. Kf3 Qh1+ 31. Kf4 (31. Kg4 h5+ 32. Kxh5 Qf3+ 33. Kh4
g5+ 34. Kh3 Rg1 $17) 31... Qxh2 $17) 28... cxd4 29. Qc8+ Kh7 30. Qxd7 d3 $11)
27. h4 a5 28. Kh2 a4 29. Rd2 (29. Rxc4 Rb1 30. Qc2 Qf1 31. Qe4 Qxf2+ 32. Kh3
Qf1+ $17) 29... Qe4 (29... Rb1 30. Qc2 Qxc2 (30... Qf1 31. Rd8+ Kf7 32. Qf5+
$18) 31. Rxc2 a3 32. Rxc4 Rb2 33. Kg2 Rxa2 34. Rxc5 $16) 30. Qc2 Qxc2 31. Rxc2
Kf7 {Black is unable to avoid rather difficult endgame.} (31... Rb4 32. a3 Rb3
33. Rxc4 Rxa3 34. Rxc5 $16) 32. Rxc4 Rb2 33. Kg2 (33. Rxa4 Rxf2+ 34. Kh3 Ke6
$11) 33... Rxa2 34. Rxc5 a3 35. Ra5 Kf6 (35... g6 36. g4 Ra1 37. Kf3 Ra2 38.
Kg3 Ra1 39. Kf4 a2 40. f3 $18) 36. h5 $1 {After this fine move black is most
probably lost, as white can advance his kingside pawn majority.} Kf7 (36... Ra1
37. Kf3 a2 38. g4 $18) 37. Kf3 Ra1 38. g4 Ra2 39. Ra6 Ke7 40. e4 Kf7 41. Ke3
Ke7 42. Ra7+ Kf8 (42... Kf6 43. f4 Rg2 44. e5+ Ke6 45. Rxg7 a2 46. Ra7 Rxg4 47.
Ke4 $18) 43. e5 Ra1 44. Kf4 Ra2 45. f3 Ra1 46. Kf5 a2 47. f4 (47. f4 Kg8 48.
Kg6 Kf8 49. Ra8+ Ke7 50. Kxg7 Rg1 51. Rxa2 Rxg4+ 52. Kxh6 Rxf4 53. Ra6 $18) 1-0

[Event "Ankara zt"]
[Site "Ankara"]
[Date "1995.??.??"]
[Round "7"]
[White "Tabatadze, Tamaz"]
[Black "Seitaj, Ilir"]
[Result "0-1"]
[WhiteElo "2450"]
[BlackElo "2405"]
[Annotator "Ftacnik,L"]
[PlyCount "72"]
[EventDate "1995.??.??"]
[EventType "swiss"]
[EventRounds "9"]
[EventCountry "TUR"]
[SourceTitle "CBM 049 Extra"]
[Source "ChessBase"]
[SourceDate "1996.01.01"]
[SourceVersion "1"]
[SourceVersionDate "1996.01.01"]
[SourceQuality "1"]

1. d4 d5 2. c4 e6 3. Nf3 c5 4. cxd5 exd5 5. g3 Nc6 6. Bg2 Nf6 7. Nc3 Be7 8. O-O
O-O 9. Bg5 c4 10. Ne5 Be6 11. b3 Qa5 12. Nxc6 bxc6 13. Qc2 Rfd8 14. e3 Rac8 15.
Na4 c5 16. Nxc5 Bxc5 17. Bxf6 gxf6 18. dxc5 Qxc5 19. Rfd1 d4 20. exd4 Rxd4 21.
Rxd4 Qxd4 22. Rd1 Qe5 {A long forced line leaves black in a good control of
the center. His only disadvantage in a broken pawn structure can even be
partly beneficial - there is no problem with back rank mate.} (22... Qb6 23.
bxc4 Rxc4 24. Qd2 Kg7 25. Bd5 {0.5/Kopjonkin,G-Dupszky,L/Zalakaros op (04)/
1995/}) (22... Qc5 23. bxc4 Qxc4 24. Qxc4 Rxc4 25. Bd5 Ra4 26. Bb3 {0.5/
Neverov,V-Monin,N/St.Petersburg op (02)/1994/}) 23. bxc4 Rxc4 24. Qb1 $6 (24.
Qd2 Kg7 {0.5/Gschnitzer,O-Bachmayr,P/BL2-S 9394/1994/}) 24... Kg7 25. h3 $6 (
25. Re1 Qc3 26. Qd1 Qb2 $15) 25... Qc5 {Passive play by white is outright
dangerous, black is clearly better due to Rc2 threat.} 26. Be4 (26. Rf1 Rc2 27.
a4 Ra2 28. Qb5 Qc2 $17) 26... Bxh3 27. Qd3 (27. Bxh7 $2 Qc6 $19) 27... Be6 28.
Qf3 Qe5 29. Bd5 (29. Bb7 Ra4 $19) 29... Bg4 30. Qg2 Rc2 31. Rb1 (31. Rf1 Rd2
32. Bb3 Qh5 $19) 31... Rd2 32. Bf3 (32. Bb3 Qh5 $1 $19) 32... Bf5 33. Rb7 (33.
Rd1 Rxa2 $19) 33... Rxa2 34. Bd5 Ra1+ 35. Kh2 Bg6 36. Qf3 a5 0-1

[Event "Bled op 13th"]
[Site "Bled"]
[Date "1992.??.??"]
[Round "7"]
[White "Shcherbakov, Ruslan"]
[Black "Zelcic, Robert"]
[Result "1-0"]
[WhiteElo "2495"]
[BlackElo "2380"]
[Annotator "Ftacnik,L"]
[PlyCount "117"]
[EventDate "1992.03.??"]
[EventType "swiss"]
[EventRounds "9"]
[EventCountry "SLO"]
[SourceTitle "CBM 029"]
[Source "ChessBase"]
[SourceDate "1992.08.01"]
[SourceVersion "1"]
[SourceVersionDate "1992.08.01"]
[SourceQuality "1"]

1. d4 d5 2. c4 e6 3. Nc3 c5 4. cxd5 exd5 5. Nf3 Nc6 6. g3 Nf6 7. Bg2 Be7 8. O-O
O-O 9. Bg5 c4 10. Ne5 Be6 11. f4 Qb6 (11... Nxe5 12. fxe5) (11... Ng4) 12. f5
Nxe5 13. Na4 Qc7 {N} (13... Qa5 14. dxe5 Bd7 15. exf6 gxf6 16. Bh6 $16 {ECO})
14. dxe5 Qxe5 15. Bxf6 (15. fxe6 $2 Qxg5 $17) 15... Bxf6 16. fxe6 fxe6 17. Kh1
Rad8 (17... b5 18. Nc3 b4 19. Na4 Rad8 $44) 18. Nc3 a6 19. e3 (19. Qd2 Bg5 20.
Rxf8+ Rxf8 $132) 19... b5 (19... Qxe3 20. Re1 Qb6 21. Qg4 Rfe8 22. Re2 Re7 23.
Rae1 Rde8 $14) 20. a3 Qxe3 21. Re1 Qb6 22. Qg4 Rfe8 23. Rad1 Kh8 $2 (23... Re7
$5 $44) 24. Rd2 d4 $6 (24... Re7 25. Rde2 Rde8 26. Nxd5 $1 exd5 27. Rxe7 Bxe7
28. Rxe7 $1 $18) (24... Qc6 25. Rde2 e5 26. Nxd5 Rxd5 27. Qe4 $1 (27. Rd2 $2 e4
28. Bxe4 Rxd2 29. Bxc6 Rxe1#) 27... Red8 28. Rd2 $18) 25. Ne4 Rf8 (25... c3 26.
Rf2 $40) 26. h4 d3 27. Ng5 $1 Bxg5 28. hxg5 Rf5 (28... Rd6 29. Be4 $18) 29. Be4
Re5 30. Rh2 g6 31. Rxh7+ $1 Kxh7 32. Qh5+ Kg7 33. Qxg6+ Kf8 34. Qf6+ Ke8 35.
Qxe5 (35. Bg6+ Kd7 36. Rxe5 d2 37. Bc2 $18) 35... Qd6 36. Qxd6 Rxd6 37. Kg2 a5
38. Kf3 b4 39. axb4 axb4 40. Ke3 d2 41. Rd1 c3 42. bxc3 bxc3 43. g6 Kf8 44. Ke2
Rd4 45. Bc2 Rg4 46. Rf1+ Kg8 47. Rf3 Rc4 48. Kd1 (48. Bb3 $2 c2 $1) 48... Rc5
49. Re3 Rc8 50. Rxe6 Ra8 51. Ke2 Kf8 (51... Ra1 52. Re8+ Kg7 53. Re7+ Kf6 54.
Rf7+ Ke6 55. Bb3+ Kd6 56. g7 $18) 52. Rf6+ Kg8 53. Re6 Kf8 54. Rc6 Re8+ (54...
Ra1 55. Rc8+ Kg7 56. Rc7+ $18) 55. Kf2 Rd8 56. Bd1 Re8 57. Rc7 (57. Rxc3 Re1
58. Rc8+ Ke7 59. Bc2 $18) 57... Rb8 (57... Re1 58. g7+ Kg8 59. Bb3+) 58. Rxc3
Rb1 59. Ke2 {Ftacnik,L} 1-0

[Event "Srajber Memorial 08th"]
[Site "Subotica"]
[Date "2003.12.06"]
[Round "9"]
[White "Benkovic, Petar"]
[Black "Colovic, Aleksandar"]
[Result "1-0"]
[WhiteElo "2463"]
[BlackElo "2412"]
[Annotator "Ftacnik,L"]
[PlyCount "117"]
[EventDate "2003.11.06"]
[EventType "tourn"]
[EventRounds "11"]
[EventCountry "YUG"]
[EventCategory "10"]
[SourceTitle "CBM 099"]
[Source "ChessBase"]
[SourceDate "2004.03.30"]
[SourceVersion "1"]
[SourceVersionDate "2004.03.30"]
[SourceQuality "1"]

1. Nf3 c5 2. c4 Nf6 3. Nc3 e6 4. g3 d5 5. cxd5 exd5 6. d4 Nc6 7. Bg2 Be7 8. O-O
O-O 9. Bf4 c4 10. Ne5 Be6 11. Nxc6 bxc6 12. b3 Qa5 13. Qc2 (13. Na4 Rac8 14.
Qc2 c5 15. Nxc5 Bxc5 16. dxc5 Qxc5 17. Rad1 d4 18. bxc4 Qxc4 19. Qb2 Qxa2 20.
Qxa2 Bxa2 21. Rxd4 Rc2 {1/2-1/2 Naumkin,I-Korsunsky,Y/Montecatini Terme 1999/ 
(59)}) 13... c5 $5 {Brave decision, since all developed white pieces are
attacking the center.} (13... Nh5 14. Bd2 Qb6 15. bxc4 Qxd4 16. cxd5 cxd5 17.
Be3 $14) 14. bxc4 (14. dxc5 Rac8 15. bxc4 Rxc5 16. Qd2 dxc4 17. Rfd1 Rd8 $11)
14... cxd4 15. cxd5 (15. Nxd5 Nxd5 16. cxd5 Bxd5 17. Bc7 $1) 15... Nxd5 (15...
Qxc3 $2 16. Qxc3 dxc3 17. dxe6 Rac8 18. exf7+ Rxf7 19. Rac1 $16) 16. Nxd5 Bxd5
17. Bc7 $1 Qb5 (17... Rac8 $2 18. Bxa5 Rxc2 19. Bxd5 Rc5 20. Bb4 Rxd5 21. Bxe7
$18) 18. Qf5 (18. Rfb1 Qd7 $11) 18... Bc6 19. Qxb5 Bxb5 20. Bxa8 Rxa8 {Colovic
must have relied on this motive, white has unpleasant problem with e2 pawn.} (
20... Bxe2 $2 21. Rfe1 d3 22. Bf3 Bxf3 23. Rxe7 d2 24. Rd7 $18) 21. Rfe1 Bb4 (
21... Bf6 22. Rac1 Re8 23. Kf1 $16) 22. Reb1 Bc3 (22... a5 $2 23. Bxa5 Bxa5 24.
Rxb5 $18) 23. Rxb5 Bxa1 24. Rd5 f6 25. Rd7 Re8 (25... Rc8 26. g4 a6 27. Kg2 g6
28. Kf3 $14) 26. Kf1 Bc3 27. Bf4 a5 28. a4 Re6 $2 {Black is looking for ways
to improve his rook, but e6 is the wrong square! Suddenly white's advantage
will become very real.} (28... Rc8 29. Bc7 h5 $11) 29. Bd6 $1 Bb4 (29... Re8
30. Bc5 $16) 30. Bxb4 axb4 31. Rb7 $1 (31. Rxd4 Rb6 32. a5 Ra6 33. Rxb4 Rxa5
$14) 31... Rd6 32. Ke1 d3 33. Rxb4 dxe2 34. Kxe2 Rd5 (34... Ra6 35. Kd3 $16)
35. Rb2 Kf7 36. Ra2 {[%mdl 4096] Generally speaking with rook of the stronger
side behind the pawn the chances of the defender are rather slim.} Ra5 37. Kd3
Ke6 38. Kc4 Kd6 39. Kb4 Rh5 (39... Ra7 40. Kb5 Kc7 41. Re2 Kb8 42. a5 $18) 40.
a5 Kc7 (40... Rxh2 $2 41. a6 $18) 41. h4 Kb7 42. Re2 g5 (42... Rf5 43. Re7+ Ka6
44. Re6+ Ka7 45. f4 $18) 43. Re7+ Ka6 44. Re6+ Kb7 45. hxg5 fxg5 (45... Rxg5
46. Rxf6 $18) 46. Re5 h6 (46... Rh2 $1 {The last moment when Benkovic might
have had to work for his point a bit harder.} 47. f4 (47. Rxg5 Rxf2 48. Rg7+
Ka6 49. Rxh7 Rf4+ 50. Kc5 Rg4 51. Rh3 Kxa5 52. Kd5 Kb5 53. Ke5 Rg8 54. Rh5 Kc6
55. Kf4 Kd6 $14) 47... gxf4 48. gxf4 Rh4 49. Rb5+ Ka6 50. Rb6+ Ka7 51. Rf6 $18)
47. f4 $1 Kc6 (47... Rh3 48. fxg5 Rxg3 49. gxh6 Rh3 50. Re6 $18) 48. fxg5 hxg5
49. Rc5+ Kb7 50. g4 Rh1 51. Rxg5 Rg1 52. Rg6 Ka7 53. a6 Rc1 54. Kb5 Rc2 55.
Rg7+ Ka8 56. g5 Rc1 57. g6 Rg1 58. Kc5 Rg5+ $6 (58... Rg2 59. Kd6 Rg1 60. Rg8+
Ka7 61. Ke7 $18) 59. Kb6 1-0

[Event "Rishon Le Ziyyon"]
[Site "Rishon Le Ziyyon"]
[Date "1996.??.??"]
[Round "8"]
[White "Goldin, Alexander"]
[Black "Shmuter, Leonid"]
[Result "0-1"]
[WhiteElo "2600"]
[BlackElo "2490"]
[Annotator "Ftacnik,L"]
[PlyCount "58"]
[EventDate "1996.02.??"]
[EventType "tourn"]
[EventRounds "9"]
[EventCountry "ISR"]
[EventCategory "13"]
[SourceTitle "CBM 053"]
[Source "ChessBase"]
[SourceDate "1996.08.01"]
[SourceVersion "1"]
[SourceVersionDate "1996.08.01"]
[SourceQuality "1"]

1. d4 d5 2. c4 e6 3. Nf3 c5 4. cxd5 exd5 5. g3 Nf6 6. Bg2 Be7 7. O-O O-O 8. Nc3
Nc6 9. Be3 c4 10. Ne5 Be6 11. h3 (11. Nxc4 dxc4 12. d5) 11... Qc8 (11... Ne4
12. Nxc4 Nxc3 13. bxc3 Qc8 14. Kh2 dxc4 15. d5 Bd7 16. dxc6 Bxc6 17. Bxc6 Qxc6
18. Bd4 Ba3 19. Rb1 Rfe8 20. e3 b5 21. Qg4 g6 22. h4 {0-1 Sahovic,D-Raicevic,V/
JUG-ch/1975/ (41)}) (11... Ne8 12. Nxc4 dxc4 13. d5 Bd7 14. dxc6 bxc6 15. Qa4
Qc8 16. Kh2 Rb8 17. Rad1 Rxb2 18. Qxa7 Nf6 19. Bc5 Bxc5 20. Qxc5 Nd5 21. Qa3
Nxc3 22. Qxb2 Nxd1 23. Rxd1 Be6 {1-0 Beil,Z-Bazant,P/CZE-chT/1993/(42)}) (11...
Qa5 12. g4 Rad8 13. Nxc6 bxc6 14. f4 c5 15. f5 Bc8 16. g5 Ne4 17. Nxd5 Rxd5 18.
Bxe4 Rxd4 19. Qc2 Qc7 20. Rf3 Qe5 21. Bxd4 cxd4 {1/2-1/2 Bluhm,G-Beckmann,K2/
NRW-II 8788/1988/ (28)}) 12. Kh2 Rd8 (12... a6 13. f4 (13. Bg5 Rd8 14. f4 g6
15. e3 Qc7 16. Qe1 Rab8 17. g4 Ne8 18. Bxe7 Nxe7 19. f5 f6 20. fxe6 fxe5 {
0-1 Perkins,A-Webb,S/BCF-ch (01)/1973/ (28)}) 13... Rd8 14. g4 g6 15. Qe1 Ne4
16. f5 gxf5 17. gxf5 Bxf5 18. Rxf5 Qxf5 19. Bxe4 Qe6 20. Bf5 Qf6 21. Ng4 Qh4
22. Nh6+ Kf8 23. Qg1 {1-0 Rajkovic,D-Golubovic,Z/JUG-chT Nis/1994/ (37)}) 13.
Bg5 h6 14. Bxf6 (14. Be3 Bf5 15. Rc1 Ne4 $10) 14... Bxf6 15. f4 Bxe5 16. fxe5 (
16. dxe5 d4 17. Ne4 Qc7 $13) 16... b5 $1 17. a3 (17. Nxb5 Qb8 18. Nd6 Qxb2 19.
e3 (19. e4 $2 dxe4 20. d5 Qxe5 $19) 19... Rd7 $10) 17... Rb8 18. e3 b4 19. axb4
(19. Na4 bxa3 20. bxa3 Na5 $15) 19... Nxb4 20. Rxa7 Nd3 21. Qh5 (21. e4 dxe4
22. d5 Rxd5 (22... Bf5 23. e6 fxe6 24. Qh5 Rd7 25. dxe6 Rxa7 26. Qxf5 e3 27.
Be4 Rxb2+ 28. Kg1 g6 $19) 23. Nxd5 Bxd5 24. Qh5 Rb7 $15) 21... Rd7 22. Ra2 (22.
Rxd7 $1 Qxd7 23. Rb1 $14) 22... Nb4 23. Ra5 Qd8 24. Rb5 (24. Rfa1 Nc2 $15)
24... Rxb5 25. Nxb5 Nd3 26. b3 $1 (26. e4 dxe4 27. Bxe4 Qb6 28. d5 (28. Ra1 Rd8
29. Qh4 Rf8 $19) 28... Rxd5 $1 29. Bxd5 Bxd5 $17) 26... Qa5 27. bxc4 dxc4 28.
Nd6 $2 (28. Rb1 Qd2 $1 29. Qf3 (29. e4 c3 30. Nxc3 Rxd4 31. Rb8+ Kh7 32. Ne2
Ne1 $15) 29... Ne1 30. Qa8+ Kh7 31. Nd6 c3 $13) 28... Rxd6 29. d5 (29. exd6
Qxh5 $19) 29... Rxd5 (29... Rxd5 30. Bxd5 Qxd5 $19) 0-1

[Event "Bundesliga 0304"]
[Site "Germany"]
[Date "2004.03.27"]
[Round "12.7"]
[White "Volke, Karsten"]
[Black "Breutigam, Martin"]
[Result "1-0"]
[WhiteElo "2467"]
[BlackElo "2409"]
[Annotator "Ftacnik,L"]
[PlyCount "71"]
[EventDate "2003.11.01"]
[EventType "team-tourn"]
[EventRounds "15"]
[EventCountry "GER"]
[SourceTitle "CBM 100"]
[Source "ChessBase"]
[SourceDate "2004.06.01"]
[SourceVersion "1"]
[SourceVersionDate "2004.06.01"]
[SourceQuality "1"]
[WhiteTeam "Kreuzberg"]
[BlackTeam "Bremer SG"]
[WhiteTeamCountry "GER"]
[BlackTeamCountry "GER"]

1. Nf3 d5 2. d4 c5 3. c4 e6 4. cxd5 exd5 5. Nc3 Nc6 6. g3 Nf6 7. Bg2 Be7 8. O-O
O-O 9. Bg5 c4 10. Ne5 Be6 11. e3 Nd7 12. Nxc6 bxc6 13. Bxe7 Qxe7 14. b3 Nb6 15.
bxc4 Nxc4 16. Qa4 Qd6 {This line promises small but distinct advantage for
white. His bishop is much better piece than the black one on e6, since it
bites into own pawn chain.} 17. Rfc1 f5 (17... Rfb8 18. Rab1 a5 19. Bf1 Rxb1
20. Nxb1 c5 21. Bxc4 dxc4 22. Qa3 Qc6 23. Qxc5 Qxc5 24. dxc5 Rc8 $15) 18. Rab1
a5 19. Qd1 (19. Bf1 Nd2 20. Rb6 Bd7 21. Bd3 f4 22. exf4 Rae8 $14) 19... Ra7 $6
{This artificial move hopes to double the rooks on f file, but neglecting the
only open line on the board will prove to be costly.} (19... Rab8 20. Rxb8 Rxb8
21. Bf1 Rb4 22. Qh5 $14) 20. Na4 g5 (20... f4 $5 21. exf4 Bf5 22. Rb3 Re7 $14)
21. Nb6 $1 f4 (21... Na3 22. Rb3 Nb5 23. Qc2 $16) 22. Nxc4 dxc4 23. Rb6 fxe3
24. fxe3 Qa3 (24... Rc7 25. Qa4 $16) 25. Qd2 Raf7 26. e4 (26. Rxc6 $2 Rf2 27.
Qc3 Qxa2 28. Bf1 Bd5 $19) 26... h6 27. Qc3 Qxa2 (27... Qxc3 28. Rxc3 Rf2 29.
Rxc6 Rxa2 30. h4 Rff2 31. Bf1 $16) 28. Rc2 Qa4 {[%mdl 2048] Black queen is not
a happy piece, since her displacement takes the sting out of the control of
the f file.} 29. d5 Bd7 (29... Bg4 30. Rxc6 Qb3 31. Rxc4 Qb6+ 32. Qd4 $18) 30.
e5 Bf5 (30... Re7 31. dxc6 Bf5 32. Rc1 $18) 31. Rc1 cxd5 $6 {Breautigam feels
really pressed by the white central pawns, but giving up the exchange will
only speed up his demise.} (31... Qa2 32. e6 (32. Rxc6 Bd3 $11) 32... Re7 33.
Rxc6 Bd3 34. Qe1 Qb2 35. d6 Rf2 36. Rc8+ Kg7 37. Qxf2 Qxc1+ 38. Bf1 $18) (31...
Bd3 32. Ra1 Qc2 33. Qxc2 Bxc2 34. Rxc6 $18) 32. Bxd5 Bd3 (32... Kh7 33. Bxf7
Rxf7 34. e6 Rg7 35. Qxc4 $18) 33. Bxf7+ Rxf7 34. e6 Re7 (34... Rg7 35. Rb8+ Kh7
36. e7 Bg6 (36... Rxe7 37. Qh8+ Kg6 38. Rb6+ $18) 37. Rf1 $18) 35. Rb8+ Re8 36.
Rb7 1-0

[Event "Stepanakert-B"]
[Site "Stepanakert"]
[Date "2005.10.09"]
[Round "7"]
[White "Galstian, Beniamin"]
[Black "Petrosian, Tigran L"]
[Result "1/2-1/2"]
[WhiteElo "2474"]
[BlackElo "2564"]
[Annotator "Ftacnik,L"]
[PlyCount "80"]
[EventDate "2005.10.02"]
[EventType "tourn"]
[EventRounds "9"]
[EventCountry "ARM"]
[EventCategory "11"]
[SourceTitle "CBM 110"]
[Source "ChessBase"]
[SourceDate "2006.01.31"]
[SourceVersion "1"]
[SourceVersionDate "2006.01.31"]
[SourceQuality "1"]

1. c4 e6 2. Nc3 d5 3. d4 c5 4. cxd5 exd5 5. Nf3 Nc6 6. g3 Nf6 7. Bg2 Be7 8. O-O
O-O 9. Bg5 cxd4 10. Nxd4 h6 11. Be3 Re8 12. Rc1 Bf8 13. Na4 Bd7 14. Nc5 Nxd4
15. Qxd4 {Galstian is giving a new twist to the old position, so far white
always took on d4 with a bishop.} (15. Bxd4 Bc6 16. e3 (16. Re1 Ne4 17. e3 Qg5
18. Re2 Qf5 19. Rec2 Ng5 20. h4 Nh3+ 21. Kh2 Nxf2 22. Rxf2 Qxf2 23. e4 Bxc5 24.
Rxc5 Ba4 25. Qxa4 Qd2 26. Bc3 Qe3 27. Rxd5 {1-0 Zhou Jianchao-Malysheva,P /
Moscow 2004/ (34)}) (16. Rc2 Ne4 17. Nd3 Rc8 18. Nf4 Bd6 19. Nd3 a6 20. b3 Qg5
21. Ne1 Bb4 22. Nf3 {1/2-1/2 Harika,D-Richards,H/Mallorca 2004/ (35)}) 16...
Ne4 17. b4 (17. Qg4 Qg5 18. Qxg5 Nxg5 19. Rfd1 Ne4 20. h4 Red8 21. Nd3 {
1-0 Nguyen,N-Malysheva,P/Budapest 2004/ (55)}) 17... a5 18. a3 axb4 19. axb4
Bb5 20. Re1 b6 21. Nxe4 dxe4 22. Bf1 Bxf1 23. Rxf1 Re6 {1/2-1/2 Schmidt,L-Kato,
T/Tokyo 1990/ (35)}) 15... Bc6 (15... Bg4 $5 16. Qd3 (16. Rfe1 b6 17. Nd3 Rc8
$11) 16... b6 17. Nb3 Qd7 18. Rfd1 Rac8 $11) 16. Nd3 Bd6 17. Rc2 Bc7 $1 18. Qh4
(18. Rfc1 Bb6 19. Nc5 Nd7 20. Qd3 Rxe3 21. Qxe3 Nxc5 22. Rxc5 d4 $11) 18...
Rxe3 $5 {Petrosian is impatient to get real counterplay, the sacrifice of the
exchange removes vital white piece from the board.} (18... Bb6 19. Bd4 Bxd4 20.
Qxd4 Bb5 21. Nf4 $14) 19. fxe3 Qe7 (19... Bb6 $5 20. Kh1 (20. Nc5 Qe7 21. Qd4
Ne4 22. b4 a5 $13) 20... Bxe3 21. Ne5 Qe8 $11) 20. Kh1 Qxe3 21. Rxf6 $6 {
If two players are doing the same it does not have to be equal. White could
have exploited opponent's innaccuracy with the help of 21.Nb4!} (21. Nb4 $1 Be5
22. Nxc6 bxc6 23. Qa4 $16) 21... gxf6 22. Qxf6 Re8 (22... Bb6 23. Qf1 Rd8 24.
Nb4 Rd6 $15) 23. Qf2 (23. Nb4 Bb6 24. Qf1 Qe6 $15) 23... Qxf2 24. Nxf2 Kg7 25.
Nd3 Bd6 26. Bf3 Kf6 {Naturally black has nothing more to fear, with two
bishops his position remains slightly better.} (26... a5 27. Kg2 Kf6 $15) 27.
Kg2 Ke6 28. Kh3 Rg8 29. Nc5+ Ke5 (29... Kf6 30. Kh4 Kg7 $15) 30. Nd3+ Kd4 31.
Nf2 f5 32. Nd1 f4 33. Rd2+ (33. gxf4 $2 Bd7+ 34. Kh4 Bxf4 35. e3+ Bxe3 36. Nxe3
Kxe3 37. Bxd5 Rg4+ 38. Kh5 Rg5+ $19) 33... Ke5 34. g4 Bc5 35. Rc2 Bb6 36. Kg2
h5 37. h3 hxg4 (37... Kd6 38. Nf2 Be3 $17) 38. hxg4 Bd7 39. Nf2 Bf5 (39... Bxf2
40. Kxf2 Bxg4 41. Bxg4 Rxg4 42. Rc7 $11) 40. Rc3 Be4 $15 (40... Kd6 41. Kh3 Bg6
$17) 1/2-1/2